| 000 | 00501nam a2200157 i 4500 | ||
|---|---|---|---|
| 001 | 102112 | ||
| 003 | ES-MaACL | ||
| 005 | 20230906183039.0 | ||
| 007 | t| | ||
| 008 | 051103q1930 sp ||||1| spa d | ||
| 110 | 2 |
_aLa Equitativa de Madrid. _95457 |
|
| 245 | 1 | 0 |
_aMemorias y cuentas aprobadas el día 31 de Mayo de 1930 por las Juntas Generales de Acionistas / _cGrupo Equitativa. |
| 260 |
_aMadrid : _bGráficas Reunidas, _c[1930?] |
||
| 300 |
_a102 p. ; _c27 cm. |
||
| 852 |
_aES-MaACL _j1754-F-20 |
||
| 999 |
_c102112 _d102112 |
||